| 000 | 01223cam a2200337 i 4500 | ||
|---|---|---|---|
| 001 | 18811222 | ||
| 003 | OSt | ||
| 005 | 20170105113125.0 | ||
| 008 | 151008s2015 pk b 000 0deng | ||
| 010 | _a 2015328127 | ||
| 020 | _a9789695623961 | ||
| 025 | _aP-E-2015328127; 15 | ||
| 037 |
_bLibrary of Congress -- Islamabad Overseas Office _cRs 800.00 |
||
| 040 |
_aDLC _beng _cDLC _erda |
||
| 042 |
_alcode _apcc |
||
| 043 | _aa-pk--- | ||
| 050 | 0 | 0 |
_aDS384 _b.M2725 2015 |
| 100 | 1 |
_aMalik, Nadeem Shafiq, _eauthor. |
|
| 245 | 1 | 0 |
_aAir Marshal (Retd) Muhammad Asghar Khan, the Tehrik-i-Istiqlal and the politics of opposition in Pakistan, 1971-77 / _cDr. Nadeem Shafiq Malik. |
| 246 | 3 | 0 | _aTehrik-i-Istiqlal and the politics of opposition in Pakistan 1971-77 |
| 250 | _a1st edition. | ||
| 260 |
_aLahore _bFiction House _c2015 |
||
| 300 |
_a188 pages ; _c22 cm |
||
| 504 | _aIncludes bibliographical references (pages 184-188). | ||
| 600 | 2 | 0 |
_aAsghar Khan, Mohammad, _d1921- |
| 610 | 2 | 0 |
_aTehrik-i-Istiqlal _xHistory. |
| 651 | 0 |
_aPakistan _xPolitics and government _y1971-1988. |
|
| 906 |
_a7 _bcbc _corigode _d3 _encip _f20 _gy-gencatlg |
||
| 942 |
_2ddc _cBK |
||
| 999 |
_c34112 _d34112 |
||